000 00345nam a2200145Ia 4500
001 23397
003 GE_BSU
008 181216s||||||||xx |||||||||||||| ||und||
040 _cGE_BSU
245 4 _aThe Economist.№9106.2018.
245 _b19TH-25TH
653 _aThe Economist №9106.2018.
653 _aპერიოდიკა
942 _cCR
999 _c56284
_d56284